[Event "Metz op"]
[Site "Metz"]
[Date "1994.??.??"]
[Round "8"]
[White "Krasenkow, Michal"]
[Black "Chevallier, Didier"]
[Result "1-0"]
[WhiteElo "2565"]
[BlackElo "2295"]

1.d4 Nf6 2.c4 Nc6 3.Nc3 e5 4.d5 Ne7 5.g3 Ng6 6.h4 e4 7.h5 Ne5 8.Qd4 Qe7 9.Nxe4 Nxe4
10.Qxe4 f5 11.Qxf5 Nxc4 12.Bh3 Qb4+ 13.Kf1 Be7 14.Nf3 Qb6 15.Qe4 Nd6 16.Qe5 Rf8
17.Qxg7 Qb5 18.Bf4 Qxd5 19.Qxh7 b6 20.Qg6+ Rf7 21.Rh2 Ba6 22.Ne5 O-O-O 23.Nxf7 Nxf7
24.Bg2 Qb5 25.Qxf7 Qxe2+ 26.Kg1 Bc4 27.Bf1  1-0

[Event "Moscow-ch"]
[Site "Moscow"]
[Date "1994.??.??"]
[Round "?"]
[White "Mitenkov, Alexey"]
[Black "Vlassov, Nikolai"]
[Result "1/2-1/2"]
[WhiteElo "2460"]
[BlackElo "2425"]

1.d4 Nf6 2.c4 Nc6 3.Nf3 e6 4.e3 Bb4+ 5.Nbd2 a5 6.Bd3 O-O 7.O-O Re8 8.e4 e5
9.d5 Nb8 10.a3 Bf8 11.Rb1 Na6 12.Bc2 Bc5 13.Ba4 c6 14.Qe2 h6 15.Nb3 Qc7 16.Bd2 Bb6
17.Rbc1 d6 18.h3 Bd7 19.Rfd1 Rf8 20.Be1 Nh5 21.Qd2 Nc5 22.Nxc5 Bxc5 23.dxc6 bxc6
24.b4 axb4 25.axb4 Bxb4 26.Qxb4 c5 27.Qd2 Bxa4 28.Qxd6 Qc8 29.Rd5 Nf4 30.Rxc5 Qb7
31.Kh2 Rad8 32.Qc7 Qb2 33.Rc3 f6 34.Ra5 Rd7 35.Qc5 Bd1 36.Qb5 Rb7 37.Qxb2 Rxb2
38.Raa3 Re2 39.Re3 Rc8 40.Ra1 Rxe3 41.fxe3 Bxf3 42.exf4  1/2-1/2

[Event "Moscow ol (Men)"]
[Site "Moscow"]
[Date "1994.??.??"]
[Round "3"]
[White "Hertneck, Gerald"]
[Black "Titov, German"]
[Result "1-0"]
[WhiteElo "2605"]
[BlackElo "2485"]

1.d4 Nf6 2.c4 Nc6 3.Nf3 e6 4.Nc3 Bb4 5.Qc2 d6 6.a3 Bxc3+ 7.Qxc3 O-O 8.Bg5 h6
9.Bh4 g5 10.Bg3 Ne4 11.Qc2 f5 12.e3 Qf6 13.O-O-O e5 14.dxe5 dxe5 15.c5 Be6
16.Bb5 Nxg3 17.hxg3 g4 18.Nd2 Kg7 19.Bxc6 bxc6 20.f4 exf4 21.exf4 Rfd8 22.Rhe1 Rd4
23.Nb1 Rad8 24.Nc3 Kf7 25.Rxd4 Qxd4 26.Qe2 Re8 27.Qe3 Qxe3+ 28.Rxe3 Rd8 29.Kc2 Bc4
30.Ne2 Bd5 31.Nd4 Re8 32.Re5 Rxe5 33.fxe5 Bxg2 34.Kd3 f4 35.gxf4 h5 36.Nf5 Bd5
37.Ke2 Kg6 38.Nh4+ Kh6 39.Kf2 a5 40.b4 axb4 41.axb4 Be6 42.Kg3 Bd7 43.Kf2 Bc8
44.Ke3 Bd7 45.Kd4 Be6 46.Ke4 Bc8 47.Ng2 Kg6 48.Ne3 h4 49.f5+ Kg5 50.e6 g3
51.Kf3 g2 52.Kxg2 Kf4 53.Kh2 Kxe3 54.b5  1-0

[Event "Moscow2"]
[Site "Moscow"]
[Date "1994.??.??"]
[Round "6"]
[White "Gagarin, Vasilij"]
[Black "Vlassov, Nikolai"]
[Result "1/2-1/2"]
[WhiteElo "2425"]
[BlackElo "2390"]

1.d4 Nf6 2.c4 Nc6 3.Nf3 e6 4.g3 Bb4+ 5.Bd2 a5 6.Nc3 d6 7.Bg2 e5 8.d5 Nb8
9.O-O O-O 10.Ne1 Bc5 11.Nd3 Ba7 12.a3 c6 13.b4 cxd5 14.cxd5 Bf5 15.bxa5 Qxa5
16.a4 Qd8 17.Nb2 Na6 18.Nb5 Bc5 19.Nc4 Be4 20.Be3 Bxe3 21.Nxe3 Bxg2 22.Kxg2 Ne8
23.Qb1 Nc5 24.Qb4 Nc7 25.Rfb1 f5 26.Nc4 Nxb5 27.Qxb5 f4 28.f3 e4 29.Nd2 exf3+
30.exf3 Qg5 31.g4 h5 32.h3 Qh4 33.Nf1 Rf6 34.Re1 Kf7 35.Qe2 hxg4 36.Qe7+ Kg6
37.hxg4 Rh8 38.Qe2 Qh1+ 39.Kf2 Rh3 40.Rac1 Kh7 41.Rxc5 dxc5 42.Qd3+ g6 43.Re6 Rg3
44.Nxg3 fxg3+  1/2-1/2

[Event "Moscow2"]
[Site "Moscow"]
[Date "1994.??.??"]
[Round "8"]
[White "Nesterov, Jakov"]
[Black "Vlassov, Nikolai"]
[Result "1-0"]
[WhiteElo "2460"]
[BlackElo "2390"]

1.d4 Nf6 2.c4 Nc6 3.Nf3 e6 4.Nc3 Bb4 5.Qc2 d6 6.a3 Bxc3+ 7.Qxc3 Qe7 8.g3 a5
9.d5 Nd8 10.Bg2 O-O 11.Bg5 e5 12.c5 Bf5 13.O-O h6 14.Bxf6 Qxf6 15.Nd2 dxc5
16.Qxc5 b6 17.Qc3 c6 18.dxc6 Rc8 19.Rfc1 Nxc6 20.Bxc6 Bd7 21.Bxd7 Rxc3 22.Rxc3 Rd8
23.Rd3 e4 24.Nxe4 Qxb2 25.Rad1 Qxe2 26.Nc3 Qc2 27.Nb5 g6 28.Nd4 Qb2 29.Nc6 Rf8
30.a4 Kg7 31.Rd5 Qb3 32.R1d4 Qc3 33.Rb5 Rb8 34.Rbd5 Rb7 35.Ne5 Rc7 36.Rf4 f6
37.Ng4 Qe1+ 38.Kg2 g5 39.Rfd4 Rc1 40.Bb5 Qg1+ 41.Kh3 Rc7 42.Rd7+ Rxd7 43.Rxd7+ Kg6
44.Re7  1-0

[Event "New York op"]
[Site "New York"]
[Date "1994.??.??"]
[Round "6"]
[White "Gurevich, Dmitry"]
[Black "Benjamin, Joel"]
[Result "1/2-1/2"]
[WhiteElo "2545"]
[BlackElo "2620"]

1.d4 Nf6 2.c4 Nc6 3.Nf3 e6 4.Nc3 Bb4 5.Qc2 d6 6.Bd2 O-O 7.a3 Bxc3 8.Bxc3 Qe7
9.g3 e5 10.dxe5 dxe5 11.Bg2 Rd8 12.O-O Nd4 13.Bxd4 exd4 14.c5 Rd5 15.Rac1 Bf5
16.Qa4 Be4 17.c6 b6 18.Rfd1 Rad8 19.Rd2 g6 20.Rcd1 Ra5 21.Qb3 d3 22.Ne1 Rd6
23.Nxd3 Bxg2 24.Kxg2 Rxc6 25.Nb4 Re6 26.Rd8+ Kg7 27.e3 Rf5 28.Qc3 c5 29.Nc2 Qb7+
30.Kg1 Qf3 31.R1d2 Ree5 32.Ne1 Qe4 33.Qd3 Re7 34.Qxe4 Nxe4 35.Rc2 Rf6 36.f3 Rd6
37.Rxd6 Nxd6 38.Kf2 Rd7 39.Ke2 Nb5 40.Nd3 Kf6 41.Rc4 Nd6  1/2-1/2

[Event "PCA-op"]
[Site "New York"]
[Date "1994.??.??"]
[Round "10"]
[White "Akopian, Vladimir"]
[Black "Orlov, Georgi"]
[Result "1/2-1/2"]
[WhiteElo "2630"]
[BlackElo "2510"]

1.d4 Nf6 2.c4 Nc6 3.Nf3 e6 4.Nc3 Bb4 5.Qc2 d6 6.a3 Bxc3+ 7.Qxc3 a5 8.b3 O-O
9.g3 e5 10.dxe5 dxe5 11.Bg2 Qe7 12.O-O Ne4 13.Qe3 Nc5 14.Bb2 Re8 15.Rad1 f6
16.Rd5 Nd7 17.Qc3 Nb6 18.Rd2 Be6 19.Rfd1 Qf7 20.a4 h6 21.Ne1 Red8 22.Rxd8+ Nxd8
23.Nd3 Nd7 24.Ba3 Nc6 25.Rd2 Kh8 26.Bc5 Qe8 27.Be4 Qh5 28.h4 Bg4 29.f3 Be6
30.Bf2 Qe8 31.Kg2 Qe7 32.h5 Qf7 33.Bg6 Qe7 34.g4 Rf8 35.e4 Rd8 36.Be3  1/2-1/2

[Event "NLD-chT9495"]
[Site "?"]
[Date "1994.??.??"]
[Round "5"]
[White "Goormachtigh, Johan"]
[Black "Jongsma, Alexander"]
[Result "0-1"]
[WhiteElo "2300"]
[BlackElo "2290"]

1.d4 Nf6 2.c4 Nc6 3.Nf3 e6 4.g3 d5 5.Bg2 dxc4 6.O-O Rb8 7.Nc3 Bb4 8.Re1 O-O
9.e4 Re8 10.Bf4 a6 11.h3 Be7 12.a3 Na5 13.Qc2 b5 14.Rad1 Bb7 15.d5 exd5 16.e5 Nh5
17.Be3 g6 18.Nb1 Qc8 19.Nc3 c6 20.e6 fxe6 21.Ne5 Bf8 22.Nxg6 Bg7 23.Bd4 Nf6
24.Nf4 Qd7 25.Be5 Rbd8 26.Bxf6 Bxf6 27.Ne4 Qf7 28.Nc5 Bc8 29.Qe2 e5 30.Nh5 Bh8
31.g4 Qe7 32.Qd2 Qxc5 33.Qxa5 Rf8 34.Re2 Rd7 35.Qe1 Rdf7 36.Rdd2 e4 37.Kh1 Bd4
38.Qc1 Kh8 39.Rd1 Bxf2 40.Qg5 Bd4 41.Red2 Rg8  0-1

[Event "NLD-sf"]
[Site "?"]
[Date "1994.??.??"]
[Round "3"]
[White "Riemersma, Liafbern"]
[Black "Roobol, Martin"]
[Result "1-0"]
[WhiteElo "2440"]
[BlackElo "2245"]

1.d4 Nf6 2.c4 Nc6 3.Nf3 e6 4.Nc3 Bb4 5.Qc2 d6 6.a3 Bxc3+ 7.Qxc3 O-O 8.b4 e5
9.dxe5 Nxe5 10.Bb2 Re8 11.Nxe5 dxe5 12.g3 Bg4 13.Bg2 c6 14.h3 Bh5 15.O-O Bxe2
16.Rfe1 Bh5 17.g4 Bg6 18.Rad1 Qc7 19.Rxe5 Rad8 20.Rxd8 Qxd8 21.b5 cxb5 22.cxb5 b6
23.Bc6 Rxe5 24.Qxe5 h6 25.Bd4 Qf8 26.f4 Qxa3 27.Kh2 Qa2+ 28.Kg3 Qb3+ 29.Kh4 Bd3
30.g5 Bf1 31.Be3 hxg5+ 32.fxg5 Qc4+ 33.Bd4 Qd3 34.Bd7 Qh7+ 35.Kg3 Qd3+ 36.Kf2 Ne4+
37.Kg1 f6 38.Qe8+ Kh7 39.Bf5+  1-0

[Event "NOR-ch"]
[Site "?"]
[Date "1994.??.??"]
[Round "6"]
[White "Agdestein, Simen"]
[Black "Gullaksen, Eirik T"]
[Result "1-0"]
[WhiteElo "2595"]
[BlackElo "2370"]

1.d4 Nf6 2.c4 Nc6 3.Nf3 e6 4.Nc3 Bb4 5.Qc2 d6 6.a3 Bxc3+ 7.Qxc3 Qe7 8.b4 a6
9.Bb2 Ne4 10.Qc2 d5 11.e3 Nd6 12.Nd2 Na7 13.Rc1 c6 14.c5 Ndb5 15.Bd3 Bd7
16.O-O O-O-O 17.a4 Nc7 18.Bc3 f6 19.Qb2 Be8 20.Nb1 g5 21.Na3 h5 22.Rb1 f5
23.b5 cxb5 24.Ba5 Bc6 25.Bb6 Kb8 26.Bxa7+ Kxa7 27.axb5 axb5 28.Bxb5 Nxb5
29.Nxb5+ Kb8 30.Qa3 Rh7 31.Na7 Be8 32.Rb6 h4 33.Ra1 Kc7 34.Qa5  1-0

[Event "Passau op"]
[Site "Passau"]
[Date "1994.??.??"]
[Round "?"]
[White "Dydyshko, Viacheslav"]
[Black "Velicka, Petr"]
[Result "1-0"]
[WhiteElo "2505"]
[BlackElo "2415"]

1.d4 Nf6 2.c4 Nc6 3.Nf3 e6 4.e3 Bb4+ 5.Nbd2 O-O 6.Bd3 d6 7.O-O Bxd2 8.Nxd2 e5
9.d5 Nb4 10.Bb1 a5 11.Re1 Bg4 12.f3 Bh5 13.e4 Bg6 14.Nf1 c6 15.Be3 cxd5 16.cxd5 Nd7
17.a3 Na6 18.Bc2 Rc8 19.Rc1 Ndc5 20.Ng3 b5 21.b3 Qb6 22.h4 f6 23.h5 Be8 24.Nf5 Rf7
25.g3 Bd7 26.Nh4 Qb7 27.Qd2 b4 28.a4 Rcf8 29.Kh2 Be8 30.h6 g6 31.f4 Qc7 32.Qg2 Qe7
33.fxe5 fxe5 34.Rf1 Bd7 35.Nf3 Bg4 36.Ng5  1-0

[Event "Reno op"]
[Site "Reno"]
[Date "1994.??.??"]
[Round "?"]
[White "Torres, Javier"]
[Black "Silman, Jeremy D"]
[Result "1-0"]
[WhiteElo "2335"]
[BlackElo "2405"]

1.d4 Nf6 2.c4 Nc6 3.Nc3 e5 4.d5 Ne7 5.Bg5 Ng6 6.Nf3 Bb4 7.Qb3 Bxc3+ 8.Qxc3 h6
9.Bxf6 Qxf6 10.g3 O-O 11.Bg2 d6 12.Nd2 Qe7 13.e4 f5 14.exf5 Bxf5 15.O-O Rf6
16.Rac1 Raf8 17.c5 Qf7 18.cxd6 cxd6 19.Qe3 b6 20.Rc6 Nh8 21.Rfc1 Qg6 22.Rc7 R6f7
23.Rxf7 Nxf7 24.h4 Rc8 25.Rc6 Bd7 26.Rxc8+ Bxc8 27.Qc3 Qf5 28.Ne4 Kf8 29.a4 Ke7
30.a5 bxa5 31.Qxa5 Qd7 32.Bf1 Qb7 33.Bb5 Bd7 34.Bxd7 Kxd7 35.Nc3 Qxb2 36.Qxa7+ Ke8
37.Qa4+ Ke7 38.Qc6 Qb8 39.Qc4 h5 40.Kg2 g6 41.Nb5 Nd8 42.Nc3 Qb7 43.Nd1 Nf7
44.Ne3 Kf6 45.g4 hxg4 46.Qxg4 Qb1 47.h5 Kg7 48.Kh2 Qd3 49.Qd7 Qe2 50.h6+ Kf8
51.Ng4 Qf3 52.Qc8+ Ke7 53.Qe6+ Kf8 54.Qxg6 Qf4+ 55.Kg2 Qg5 56.Qe6 Kg8 57.Qe8+  1-0

[Event "ROM-chT"]
[Site "ROM"]
[Date "1994.??.??"]
[Round "?"]
[White "Ignat, Diana"]
[Black "Andreescu, Nicoleta Aurora"]
[Result "1-0"]
[WhiteElo "2050"]
[BlackElo "2085"]

1.d4 Nf6 2.c4 Nc6 3.Nc3 d5 4.cxd5 Nxd5 5.e4 Ndb4 6.a3 Na6 7.Be3 e6 8.Nf3 Be7
9.Be2 O-O 10.O-O Nab8 11.d5 exd5 12.exd5 Na5 13.b4  1-0

[Event "ROM-chT"]
[Site "ROM"]
[Date "1994.??.??"]
[Round "?"]
[White "Nutu Gajic, Dana"]
[Black "Sheremetieva, Marina"]
[Result "1/2-1/2"]
[WhiteElo "2330"]
[BlackElo "2260"]

1.d4 Nf6 2.c4 Nc6 3.Nf3 e6 4.Nc3 Bb4 5.Qc2 d6 6.a3 Bxc3+ 7.Qxc3 h6 8.b4 O-O
9.Bb2 Re8 10.b5 Nb8 11.e3 Nbd7 12.Be2 e5 13.O-O exd4 14.Nxd4 Nc5 15.Qc2 Qe7
16.Rfe1 Qe4 17.Qd1 Qg6 18.a4 Ng4 19.Ra3 Ne5 20.f4 Bh3 21.Bf1 Nxc4 22.f5 Qg5
23.Nf3 Qg4 24.Bc1 Nxa3 25.Bxa3 Ne4 26.Bb2 Ng5 27.Nxg5 Qxd1 28.Rxd1 Bxf5 29.Nf3 Rxe3
30.Nd4 Bg6 31.Rc1 Re7 32.Be2 Rae8 33.Kf2 Be4 34.Bf3 Bxf3 35.gxf3 g6 36.Rc2 f5
37.Ne2 Kf7 38.Nf4 c6 39.bxc6 Rc7 40.Ba3 Rd8 41.Rb2 bxc6 42.Rd2 c5 43.Nd5 Rb7
44.Ne3 Rdd7 45.Nc4 Ke6 46.Re2+ Kd5  1/2-1/2

[Event "St Petersburg op"]
[Site "St Petersburg"]
[Date "1994.??.??"]
[Round "7"]
[White "Ionov, Sergey"]
[Black "Vlassov, Nikolai"]
[Result "0-1"]
[WhiteElo "2505"]
[BlackElo "2390"]

1.d4 Nf6 2.c4 Nc6 3.Nc3 e5 4.d5 Ne7 5.g3 Ng6 6.Bg2 Bc5 7.e3 O-O 8.Nge2 d6
9.Bd2 a5 10.Qc2 Bd7 11.h3 c6 12.Qd3 Ne7 13.O-O cxd5 14.cxd5 b5 15.e4 Qb6
16.Bg5 Rac8 17.Nd1 Kh8 18.Bxf6 gxf6 19.Ne3 Bxe3 20.fxe3 Kg7 21.g4 b4 22.Rf2 Bb5
23.Qd2 Bxe2 24.Qxe2 Rc7 25.Raf1 Ng8 26.h4 a4 27.Qf3 a3 28.bxa3 bxa3 29.Qg3 Kh8
30.g5 fxg5 31.hxg5 f6 32.gxf6 Rcf7 33.Qg5 h6 34.Qg3 Nxf6 35.Kh1 Nh5 36.Qh4 Rxf2
37.Rxf2 Rxf2 38.Qxf2 Qd8 39.Bf3 Qg5 40.Kh2 Kg7 41.Qe1 Nf6 42.Kh3 h5 43.Qe2 Kh6
44.Qe1 Nxe4 45.Bxe4 Qg4+ 46.Kh2 Qxe4 47.Qc3 Qxd5 48.Qxa3 h4 49.Qb2 Qf3 50.Qd2 Kh5
51.Qxd6 Qg3+ 52.Kh1 Qh3+ 53.Kg1 Qxe3+ 54.Kh2 Qf4+ 55.Kh1 h3 56.Qd1+ Kh4 57.Qc2 e4
58.a4 e3 59.Qh7+ Kg3 60.Qg6+ Kf2  0-1

[Event "Tiraspol"]
[Site "Tiraspol"]
[Date "1994.??.??"]
[Round "5"]
[White "Savon, Vladimir A"]
[Black "Titov, German"]
[Result "1/2-1/2"]
[WhiteElo "2435"]
[BlackElo "2500"]

1.d4 Nf6 2.c4 Nc6 3.Nf3 e6 4.Nc3 Bb4 5.Qc2 d6 6.a3 Bxc3+ 7.Qxc3 O-O 8.Bg5 h6
9.Bh4 g5 10.Bg3 Ne4 11.Qc2 f5 12.e3 Qf6  1/2-1/2

[Event "Aegina op"]
[Site "Aegina"]
[Date "1995.??.??"]
[Round "4"]
[White "Karayannis, Athanasios"]
[Black "Nikolaidis, Ioannis"]
[Result "1/2-1/2"]
[WhiteElo "2370"]
[BlackElo "2540"]

1.d4 Nf6 2.c4 Nc6 3.Nf3 e6 4.Nc3 Bb4 5.Qc2 Qe7 6.a3 Bxc3+ 7.Qxc3 d6 8.g3 e5
9.dxe5 dxe5 10.Bg2 a5 11.O-O a4 12.b4 axb3 13.a4 Ne4 14.Qxb3 Nd6 15.c5 Nf5
16.e3 O-O 17.Nd2 Rd8 18.Ne4 Qd7 19.Bb2 Qd3 20.Qxd3 Rxd3 21.Rfd1 Rxd1+ 22.Rxd1 Nfe7
23.Nc3 Bg4 24.f3 Be6  1/2-1/2

[Event "Cappelle op"]
[Site "Cappelle la Grande"]
[Date "1995.??.??"]
[Round "1"]
[White "Kadimova, Ilaha"]
[Black "Shabalov, Alexander"]
[Result "0-1"]
[WhiteElo "2370"]
[BlackElo "2570"]

1.d4 Nf6 2.c4 Nc6 3.Nc3 e5 4.d5 Ne7 5.e4 Ng6 6.Bd3 Bc5 7.Nf3 O-O 8.O-O a6
9.h3 d6 10.Bd2 Nh5 11.Ne2 h6 12.b4 Ba7 13.Rc1 Qf6 14.Ne1 c6 15.c5 Rd8 16.Qb3 Nhf4
17.Nxf4 Nxf4 18.Bxf4 Qxf4 19.Rc3 a5 20.a3 a4 21.Qa2 cxd5 22.Qxd5 Qf6 23.c6 Be6
24.Qb5 bxc6  0-1

[Event "Cappelle op"]
[Site "Cappelle la Grande"]
[Date "1995.??.??"]
[Round "5"]
[White "Beckhuis, Gernod"]
[Black "Salomon, Franck"]
[Result "1-0"]
[WhiteElo "2265"]
[BlackElo "2065"]

1.d4 Nf6 2.c4 Nc6 3.Nf3 e6 4.Nc3 Bb4 5.Bg5 h6 6.Bh4 g5 7.Bg3 Ne4 8.Qc2 d5
9.e3 Bxc3+ 10.bxc3 Nxg3 11.hxg3 dxc4 12.Bxc4 Qf6 13.e4 Bd7 14.e5 Qg7 15.Bd3 Ne7
16.Be4 Bc6 17.Rb1 O-O-O 18.Bxc6 Nxc6 19.Qe4 Rd7 20.Ke2 f5 21.exf6 Qxf6 22.Rxb7 g4
23.Ne5 Nxd4+ 24.cxd4 Rd5 25.Qb1  1-0

[Event "Cappelle op"]
[Site "Cappelle la Grande"]
[Date "1995.??.??"]
[Round "9"]
[White "Budde, Vladimir"]
[Black "Salomon, Franck"]
[Result "1-0"]
[WhiteElo "2330"]
[BlackElo "2065"]

1.d4 Nf6 2.c4 Nc6 3.Nf3 e6 4.Nc3 Bb4 5.Qc2 d6 6.Bd2 O-O 7.a3 Bxc3 8.Bxc3 Re8
9.Rd1 Qe7 10.e3 e5 11.d5 Nb8 12.e4 a5 13.b4 axb4 14.axb4 Nh5 15.Nd2 Rf8 16.g3 g6
17.Be2 Ng7 18.f3 Bh3 19.Bf1 Bxf1 20.Rxf1 f5 21.Ra1 Rxa1+ 22.Bxa1 Nd7 23.Bb2 Nf6
24.Qd3 fxe4 25.fxe4 Ng4 26.h3 Rxf1+ 27.Nxf1 Nf6 28.Qf3 Nfh5 29.Bc1 Qf7 30.Qg4 b6
31.Qc8+ Ne8 32.Bh6 Nf6 33.Nd2 Qd7 34.Qxd7 Nxd7 35.Ke2 Ndf6 36.g4 Kf7 37.Kd3 Ke7
38.Nf3 Kf7 39.c5 bxc5 40.bxc5 Nd7 41.Ng5+ Kg8 42.Ne6 Kf7 43.c6 Ndf6 44.Bg5 h5
45.Bxf6 hxg4 46.Bh4 gxh3 47.Ng5+  1-0

[Event "Mid-America Class op"]
[Site "Chicago"]
[Date "1995.??.??"]
[Round "5"]
[White "Tate, Emory"]
[Black "Orlov, Georgi"]
[Result "1-0"]
[WhiteElo "2370"]
[BlackElo "2480"]

1.d4 Nf6 2.c4 Nc6 3.d5 Ne5 4.f4 Nxc4 5.e4 Nb6 6.a4 a5 7.Nc3 c6 8.Be3 d6 9.Qb3 Nbd7
10.Nf3 cxd5 11.Bb5 dxe4 12.Ng5 d5 13.f5 e6 14.fxe6 Bb4 15.Nxf7 Qe7 16.Ng5 Ng4
17.Bf4 h6 18.O-O-O hxg5 19.Rxd5 Nf6 20.Re5 gxf4 21.exd7+ Bxd7 22.Bxd7+ Nxd7
23.Rxe7+ Bxe7 24.Qxb7 Rb8 25.Qxe4 Nc5 26.Qg6+ Kf8 27.Rf1 Rh6 28.Rxf4+ Kg8
29.Qf7+ Kh8 30.Rf5 Rf8 31.Qxf8+ Bxf8 32.Rxf8+ Kh7 33.Rf5 Nb3+ 34.Kb1 Rxh2
35.Ka2 Nc1+ 36.Ka3 Rxg2 37.Rh5+ Kg6 38.Rxa5 Nd3 39.Rb5 Rc2 40.Nd5 Rc1 41.a5 Ra1+
42.Kb3 Kf7 43.Nb4 Nxb4 44.Kxb4 Kf6 45.Rb6+ Kf5 46.a6 Kf4 47.Rg6 Kf5 48.Rxg7 Rxa6
49.Kb5 Ra2 50.b4 Ke6 51.Kb6 Kd6 52.b5 Rb2 53.Rg5 Kd7 54.Kb7 Ra2 55.b6 Kd6
56.Rg1  1-0

[Event "Bundesliga 9495"]
[Site "Germany"]
[Date "1995.??.??"]
[Round "?"]
[White "Mohr, Stefan"]
[Black "Reeh, Oliver"]
[Result "1/2-1/2"]
[WhiteElo "2455"]
[BlackElo "2450"]

1.d4 Nf6 2.c4 Nc6 3.Nf3 e6 4.Nc3 Bb4 5.Qc2 d6 6.Bg5 h6 7.Bd2 O-O 8.a3 Bxc3
9.Bxc3 Qe7 10.e3 a5 11.b3 e5 12.d5 Nb8 13.Nd2 c6 14.e4 b5 15.Be2 bxc4 16.bxc4 cxd5
17.exd5 Nbd7 18.O-O Nc5 19.Nb3 Nxb3 20.Qxb3 Ne4 21.Be1 Nc5 22.Qc3 Bf5 23.f4 Rfe8
24.fxe5 Qxe5 25.Qxe5 Rxe5 26.Ra2 Bb1 27.Rb2 Bd3 28.Bxd3 Nxd3 29.Rb1 Nxe1
30.Rfxe1 Rxe1+ 31.Rxe1 Rc8 32.Rc1 Kf8 33.Kf2 Ke7 34.Ke3 Rb8 35.c5 dxc5 36.Rxc5 Rb3+
37.Kd4 Rxa3 38.Rc7+ Kd6 39.Rxf7 Ra4+ 40.Ke3 Rg4 41.Kf3 Rg5 42.h4 Rg6  1/2-1/2

[Event "Wch U20"]
[Site "Halle"]
[Date "1995.??.??"]
[Round "2"]
[White "Oral, Tomas"]
[Black "Hagesaether, Paal Vegard"]
[Result "1/2-1/2"]
[WhiteElo "2410"]
[BlackElo "2155"]

1.d4 Nf6 2.c4 Nc6 3.Nc3 e5 4.d5 Ne7 5.g3 Ng6 6.Bg2 Bc5 7.Nf3 O-O 8.O-O a6
9.Bg5 h6 10.Bxf6 Qxf6 11.Ne4 Qe7 12.Nxc5 Qxc5 13.d6 cxd6 14.Nd2 f5 15.Nb3 Qc7
16.Rc1 Kh7 17.Qd2 Rf6 18.Rfd1 Rb8 19.c5 dxc5 20.Nxc5 Qb6 21.Nxd7 Bxd7 22.Qxd7 Nf8
23.Qc7 Qxc7 24.Rxc7 b5 25.Re7 e4 26.Rc7 Rbb6 27.g4 Rbe6 28.Rd4 fxg4 29.Bxe4+ Ng6
30.Bd3 h5 31.Rd5 Kh6 32.Bxg6 Kxg6 33.e3 Rc6 34.Rxc6 Rxc6  1/2-1/2

[Event "Konik op"]
[Site "?"]
[Date "1995.??.??"]
[Round "?"]
[White "Firt, Stanislav"]
[Black "Berezjuk, Sergej"]
[Result "1-0"]
[WhiteElo "2335"]
[BlackElo "2395"]

1.d4 Nf6 2.c4 Nc6 3.Nf3 e6 4.g3 Bb4+ 5.Bd2 Qe7 6.Bg2 Bxd2+ 7.Nbxd2 O-O 8.O-O d6
9.e4 e5 10.d5 Nb8 11.Ne1 a5 12.Nd3 Na6 13.Qc2 Nc5 14.Nxc5 dxc5 15.f4 Re8
16.Rae1 Ra6 17.fxe5 Ng4 18.e6 fxe6 19.e5 Kh8 20.Rf4 Nh6 21.Nf3 Rb6 22.h4 Nf5
23.Qf2 h5 24.Ng5 g6 25.Bh3 exd5 26.cxd5 Qg7 27.b3 Rb4 28.Bxf5 Bxf5 29.Qxc5 b6
30.Qc3 Kg8 31.Re3 Rxf4 32.gxf4 Qd7 33.Qc4 b5 34.Qc5 Rd8 35.e6 Qxd5 36.Qxd5 Rxd5
37.e7 Rd1+ 38.Kf2 Rd2+ 39.Ke1  1-0

[Event "POL-chT"]
[Site "Lubniewice"]
[Date "1995.??.??"]
[Round "2"]
[White "Janocha, Wieslaw"]
[Black "Ostrowski, Leszek"]
[Result "1-0"]
[WhiteElo "2405"]
[BlackElo "2240"]

1.d4 Nf6 2.c4 Nc6 3.Nc3 e5 4.d5 Ne7 5.e4 Ng6 6.g3 Bc5 7.Bg2 d6 8.Nf3 c6 9.Qe2 cxd5
10.cxd5 Bd7 11.O-O O-O 12.Be3 Bb4 13.Bd2 Qb6 14.Rfe1 Rfc8 15.h3 Bc5 16.Rab1 Nh5
17.Be3 a5 18.Bf1 Qd8 19.Nd2 Nf6 20.Nb5 Ne8 21.a4 Ne7 22.Nc4 Ra6 23.Rec1 f5
24.Bxc5 Rxc5 25.Nc3 Nf6 26.Bg2 Qc7 27.b3 fxe4 28.Nxe4 Nxe4 29.Bxe4 Nf5 30.Qd3 g6
31.g4 Ng7 32.Rc2 Ra8 33.Rbc1 Rc8 34.Qe3 b6 35.f4 Qb8 36.fxe5 dxe5 37.Nxb6 Rxc2
38.Rxc2 Rxc2 39.Bxc2 Qa7 40.Nc4 Qc7 41.Qxe5 Qc5+ 42.Ne3 Ne6 43.Bd3 Nd4 44.Kf2 Qb4
45.Bc4 Qd2+ 46.Kg3 Kf8 47.Kf4 Nc2 48.Qh8+ Ke7 49.Qxh7+ Kd8 50.Qh8+ Kc7 51.Qe5+ Kb7
52.Kf3 Qe1 53.Qe4 Qh1+ 54.Kf4 g5+ 55.Ke5 Qa1+ 56.Kd6 Qg7 57.Nxc2 Qf8+ 58.Qe7 Qf6+
59.Kxd7  1-0

[Event "Moscow-ch op"]
[Site "Moscow"]
[Date "1995.??.??"]
[Round "3"]
[White "Kosyrev, Vladimir"]
[Black "Vlassov, Nikolai"]
[Result "1/2-1/2"]
[WhiteElo "2155"]
[BlackElo "2445"]

1.d4 Nf6 2.c4 Nc6 3.Nf3 e6 4.e3 Bb4+ 5.Bd2 a5 6.Bd3 d6 7.a3 Bxd2+ 8.Nbxd2 e5
9.b3 O-O 10.O-O Re8 11.Qb1 Bg4 12.d5 Ne7 13.Rc1 c6 14.e4 Ng6 15.Bf1 Nf4 16.Rc3 Rc8
17.Qb2 h6 18.Rac1 Qc7 19.Ne1 Rf8 20.b4 Bd7 21.bxa5 Qxa5 22.Nd3 Nxd3 23.Bxd3 Qa7
24.h3 Nh5 25.Rb3 Rc7 26.c5 cxd5 27.cxd6 Rxc1+ 28.Qxc1 Nf4 29.Bf1 Bc6 30.g3 Ne6
31.exd5 Bxd5 32.Rb5 Bc6 33.Rxe5 Qd4 34.Re3 Qxd6 35.Bg2 Bxg2 36.Kxg2 Qd5+
37.Nf3 Rd8 38.Qc3 Qb5 39.Re5 Qa6 40.Re3 Qb5 41.Re5 Qd7 42.Qb3 Qc6 43.Qb5 Qc7
44.Re3 Kh7 45.Qf5+ Kg8  1/2-1/2

[Event "Moscow-ch op"]
[Site "Moscow"]
[Date "1995.??.??"]
[Round "7"]
[White "Ilinsky, Vladimir"]
[Black "Vlassov, Nikolai"]
[Result "1/2-1/2"]
[WhiteElo "2320"]
[BlackElo "2445"]

1.d4 Nf6 2.c4 Nc6 3.Nf3 e6 4.Bg5 h6 5.Bxf6 Qxf6 6.Nc3 Bb4 7.Rc1 O-O 8.a3 Bxc3+
9.Rxc3 d6 10.g3 e5 11.d5 Nb8 12.Bg2 a5 13.O-O Na6 14.Nd2 Qe7 15.Qc2 f5 16.Rb1 Bd7
17.b4 b6 18.c5 bxc5 19.bxa5 f4 20.Nc4 Qf7 21.e3 f3 22.Bf1 e4 23.Nd2 Kh8 24.Qxe4 Bf5
25.Qxf3 Bxb1 26.Qxf7 Rxf7 27.Nxb1 Rff8 28.Nd2 Rfb8 29.Nc4 Kg8 30.e4 Kf8 31.e5 Rb1
32.exd6 cxd6 33.Nxd6 Rd8 34.Ne4 Re1 35.Nxc5 Rxd5 36.Nxa6 Rdd1 37.Kg2 Rxf1
38.Nc7 Rg1+ 39.Kf3 Rc1 40.Ne6+ Kf7 41.Re3 Rgd1 42.Nf4 Rc5 43.Rb3 Rxa5 44.Rb7+ Kf6
45.Rb6+ Ke7 46.Kg4 Rd4 47.Rb7+ Rd7 48.Rxd7+ Kxd7 49.h4 Ke7 50.Kf3 Rxa3+ 51.Kg2 Kf6
52.Nh5+ Kg6 53.Nf4+ Kf5 54.Nd5 Ke4 55.Nf4 Ra5 56.Nh3 Rf5 57.Ng1 Kd3 58.Nf3 Rf8
59.Ng1 Ra8 60.Nf3 Ra2 61.Ng1 Kd2 62.Nf3+ Kd1 63.Kg1 Ra3 64.Kg2 Ra4 65.Kf1 Ra7
66.Kg2 Re7 67.Kf1 Re2 68.Nd4 Re5 69.Nf3 Rd5 70.Ng1 Rf5 71.Kg2 Rf7 72.Nf3 Rc7
73.Kf1 Rc1 74.Kg2 Ke2 75.Nd4+ Kd3 76.Nf3 Ra1 77.Ne5+ Ke2 78.Nf3 Ra2 79.Nd4+ Kd3
80.Nf3 Ke4 81.Nh2 Rb2 82.Nf3 Rb8 83.Nd2+ Kd3 84.Nf3 Rg8 85.Ne5+ Ke2 86.Nf3 Rf8
87.Nd4+ Kd1 88.Nf3 Re8 89.Ng1 Re6 90.Nf3 Rd6 91.Ng1 Rd3 92.Nf3 Ra3 93.Ng1 Ra2
94.Nf3 g6 95.Ne5 Ra6 96.Ng4 g5 97.hxg5 hxg5 98.Ne5 Ra4 99.Nf3 Ra5 100.Nh2 Ke2
101.Nf3 Rd5 102.Nh2 Rf5 103.Ng4 Rf8 104.Kg1 Ke1 105.Kg2 Rb8 106.Nh2 Ke2 107.Nf3 Rg8
108.Nd4+ Kd3 109.Nf3 Rg7 110.Ne5+ Kd4 111.Nf3+ Ke4 112.Nd2+ Kf5 113.Nf3 Rd7
114.Nh2 Ke4 115.Nf3 Rd5 116.Nh2 Kd3 117.Nf3 Ra5 118.Ne1+ Ke2 119.Nf3 g4 120.Nh2 Ra4
121.Kg1 Ke1 122.Kg2 Re4 123.Kg1 Ke2 124.Kg2 Kd3 125.Kf1 Kd4 126.Kg2 Ke5 127.Kf1 Kf5
128.Kg2 Re1 129.Nf1 Kg5 130.Nh2  1/2-1/2

[Event "Moscow op2"]
[Site "Moscow"]
[Date "1995.??.??"]
[Round "7"]
[White "Notkin, Maksim"]
[Black "Vlassov, Nikolai"]
[Result "1/2-1/2"]
[WhiteElo "2520"]
[BlackElo "2445"]

1.d4 Nf6 2.c4 Nc6 3.Nf3 e6 4.a3 d5 5.Nc3 g6 6.Bf4 Bg7 7.e3 O-O 8.Bd3 Ne7
9.O-O b6 10.Rc1 Bb7 11.Be5 a6 12.Qe2 Qd7 13.Rfd1 Rfc8 14.h3 Qe8 15.e4 dxc4
16.Bxc4 b5 17.Ba2 c5 18.dxc5 Rxc5 19.Qe3 Rcc8 20.Qf4 Nh5 21.Qe3 Nf6 22.Qf4 Nh5
23.Qg4 Rd8 24.Bxg7 Nxg7 25.Qf4 Rxd1+ 26.Rxd1 Rd8 27.Rxd8 Qxd8 28.Ne5 Qe8
29.Ng4 Nh5 30.Qc7 Bc8 31.e5 Qd7 32.Qc5 Bb7 33.Qd6 Qc6 34.f3 Nf5 35.Qxc6 Bxc6
36.Kf2 Nf4 37.Bb1 h5 38.Nf6+ Kf8 39.Nd1 Ke7 40.Ne4 a5 41.g3 Nd5 42.h4 Nb6
43.Nd2 b4 44.axb4 axb4 45.Bxf5 gxf5 46.Ke3 f6 47.exf6+ Kxf6 48.Kd4 f4 49.gxf4 Nd5
50.Ne4+ Kf5 51.Ng3+ Kxf4 52.Nxh5+ Kxf3 53.b3 Nc3 54.Nxc3 e5+ 55.Kc4 bxc3
56.Kxc3 e4 57.Kd4 e3 58.Ng3  1/2-1/2

[Event "Moscow op2"]
[Site "Moscow"]
[Date "1995.??.??"]
[Round "9"]
[White "Chekhov, Valery A"]
[Black "Vlassov, Nikolai"]
[Result "1/2-1/2"]
[WhiteElo "2500"]
[BlackElo "2445"]

1.d4 Nf6 2.c4 Nc6 3.Nf3 e6 4.Nc3 Bb4 5.Qc2 d6 6.Bd2 O-O 7.a3 Bxc3 8.Bxc3 Qe7
9.b4 e5 10.dxe5 Nxe5 11.e3 Bg4 12.Be2 Rfe8  1/2-1/2

[Event "NOR-ch"]
[Site "?"]
[Date "1995.??.??"]
[Round "6"]
[White "Sorgjerd, Jan"]
[Black "Hagesaether, Paal Vegard"]
[Result "0-1"]
[WhiteElo "2100"]
[BlackElo "2150"]

1.d4 Nf6 2.c4 Nc6 3.Nf3 e6 4.Nc3 Bb4 5.Qc2 d6 6.Bg5 h6 7.Bd2 e5 8.Nd5 Bxd2+
9.Qxd2 Bf5 10.Nxf6+ Qxf6 11.d5 Nb8 12.Rc1 Nd7 13.b4 b6 14.g3 O-O 15.Bg2 a5
16.a3 axb4 17.axb4 Ra4 18.Nh4 Rfa8 19.Nxf5 Qxf5 20.e4 Qg5 21.f4 exf4 22.Qxf4 Rxb4
23.O-O Ne5 24.h4 Qe7 25.Qd2 Raa4 26.Rf5 Rxc4 27.Rcf1 Ra3 28.Qf4 Rcc3 29.g4 Rg3
30.g5 hxg5 31.hxg5 Ng6 32.Qf2 Nh4 33.Rxf7 Qxg5 34.Rxg7+ Qxg7  0-1